paroles- la night - Benab - Statistiques

Statistiques générales
  • Ce quiz a été pris 11 fois
  • Le résultat moyen est 284 sur 477
Statistiques - réponses
Réponse % Correct
j'tourne
100%
la
100%
100%
night
100%
C
88%
visser
88%
a
75%
à
75%
au
75%
chez
75%
clair
75%
de
75%
en
75%
mes
75%
nous
75%
pas
75%
porte
75%
rue
75%
white
75%
ça
63%
cavale
63%
certains
63%
c'est
63%
comme
63%
dans
63%
d'ma
63%
et
63%
haram
63%
j'connais
63%
le
63%
les
63%
ma
63%
mon
63%
Nike
63%
rues
63%
tu
63%
un
63%
une
63%
usé
63%
ville
63%
bât'
50%
cabane
50%
c'était
50%
connais
50%
d'cess
50%
d'costume-cravate
50%
des
50%
du
50%
faire
50%
fait
50%
finis
50%
jalousie
50%
j'suis
50%
kilos
50%
l'adresse
50%
l'stress
50%
mal
50%
murs
50%
on
50%
par
50%
parano
50%
pour
50%
premier
50%
première
50%
pu
50%
puis
50%
quand
50%
qui
50%
se
50%
ses
50%
showcase
50%
strasses
50%
T4
50%
tess
50%
THC
50%
tomber
50%
y
50%
6
38%
avec
38%
bicravant
38%
bientôt
38%
Break
38%
chiffre
38%
cité
38%
commences
38%
congrès
38%
côté
38%
d'affiche
38%
d'être
38%
devenir
38%
d'la
38%
d'là
38%
doigts
38%
faisait
38%
fous
38%
frappe
38%
heure
38%
heures
38%
ient-cli
38%
j'ai
38%
j'aurais
38%
j'bossais
38%
j'm'en
38%
j'réalise
38%
j'viens
38%
ligne
38%
main
38%
mamans
38%
mat'
38%
m'cherches
38%
meilleur
38%
moi
38%
Mondéo
38%
m'Shazam
38%
38%
P2
38%
P4
38%
perdus
38%
potos
38%
qu'y
38%
rentrer
38%
riche
38%
Roméo
38%
rond
38%
shit
38%
si
38%
sont
38%
stup'
38%
sur
38%
te-boî
38%
tend
38%
têtes
38%
tient
38%
toujours
38%
toute
38%
truc
38%
veulent
38%
30
25%
bédo
25%
bêtises
25%
bon-char
25%
Cambrai
25%
cambre
25%
classe
25%
connu
25%
crie
25%
d'haut
25%
d'question
25%
d'réponse
25%
d'un
25%
erreur
25%
euros
25%
frère
25%
guetteur
25%
j'en
25%
j'peux
25%
j'tapais
25%
Juliette
25%
j'vois
25%
Kroos
25%
l'Sheitan
25%
pied
25%
rrain-te
25%
Toni
25%
trahison
25%
vente
25%
vie
25%
autrement
13%
bicraveur
13%
comptent
13%
frères
13%
gâchette
13%
grossir
13%
guitare
13%
l'sommeil
13%
mitard
13%
oublie
13%
Ouhoh
13%
partir
13%
peines
13%
pollen
13%
prend
13%
recharge
13%
semaines
13%
Aucun quiz correspondant
Distribution des résultats
% des personnes avec chaque résultat
Percentile par nombre de réponses
Votre historique - résultats
Vous n’avez pas pris ce quiz